000 00659nam a2200229 a 4500
999 _c2395
_d2395
001 2395
003 BD-JhCC
005 20190704134014.0
008 171101s2006 bg ||||| |||| 00| 0 ben d
020 _a9844018900
035 _a(BD-JhCC)2395
040 _aBD-JhCC
_dBD-JhCC
041 _aben
082 _223
_a891.4409
_bSHA 2006
100 _aশরীফ, আহমদ
245 _aপ্রত্যয় ও প্রত্যাশা /
_cআহমদ শরীফ
260 _aঢাকা :
_bআগামী প্রকাশ,
_c2006
300 _a175 p. :
_c22cm.
650 _aBengali Literature
942 _2ddc
_cBK
_01